Umlčená encyklika t.j. okružný list sl. p. Pia XI o bezbožnom komunizme : ľudové vydanie encykliky Divini Redemptoris

Bibliographic Details
Main Author: Pius XI., pápež, 1857-1939 (Author)
Format: Book
Language:Slovak
Latin
Published: V Ružomberku časopis Naše novinky 1938
Series:Sociálna knižnica Naše Novinky
Subjects:

MARC

LEADER 00000cam a2200000 a 4500
001 vtls008403409
003 SK-MaSNL
005 20260302074804.0
008 200115s1938 xo g 000 0 slo
015 |a SNBA19191938-013430a 
035 |a SK01SNKBSKHR20010095626 
035 |a urn:nbn:sk:snk-am3hpk2 
035 |a 58666218-29AD-4B62-A113-082745DC6C46 
035 |a urn:nbn:sk:snk-am00cu33 
035 |a SKM000098089 
040 |a SNK  |b slo  |c SNK  |e AACR2 
041 1 |a slo  |h lat 
044 |a xo  |c SK 
080 |a 262  |2 1981 
100 0 |a Pius  |b XI.,  |c pápež,  |d 1857-1939  |4 aut  |9 75947 
245 1 0 |a Umlčená encyklika t.j. okružný list sl. p. Pia XI o bezbožnom komunizme : ľudové vydanie encykliky Divini Redemptoris 
260 |a V Ružomberku  |b časopis Naše novinky  |c 1938 
490 1 |a Sociálna knižnica Naše Novinky  |v č. 2 
500 |a Preložené z latinčiny 
650 0 7 |a komunizmus  |2 SNKPH  |9 2152 
655 7 |a encykliky  |2 SNKPH  |9 70680 
752 |a Slovensko  |d Ružomberok 
830 0 |a Sociálna knižnica Naše Novinky  |9 740837 
958 |a ONDV 
958 |a RK 
958 |a TL 
999 |c 1166487  |d 1168417 
952 |t P60, <03>, [BOOK], {603}  |a SNK  |b SNK  |y PREZ  |7 0  |p 17A0127113  |o snkSE 4813  |0 0  |1 0  |4 0  |d 1998-03-04  |f 1  |l 0  |r 2005-01-02 00:00:00  |w 2026-02-24